000 00763nam a2200217Ia 4500
999 _c32977
_d32977
003 GCL
005 20240530102541.0
008 140319s1979 mk 000 0 ara d
040 _aGCL /
_cGCL
082 0 4 _a953.404/
_bك ب
100 1 _aكيلى، جون .ب.
245 1 0 _aبريطانيا والخليج :
_b1795 : 1870 /
_cتاليف جون .ب. كيلى ؛ ترجمة محمد امين عبدالله
260 _aعمان :
_bوزارة التراث القومى والثقافة ،
_c1979
300 _a1489 ص.؛
_c24 سم.
650 0 4 _aبريطانيا
650 0 4 _aالشرق الاوسط
650 0 4 _aالتاريخ
650 0 4 _aالخليج العربى
700 0 _aمحمد امين عبد الله
_eمترجم
942 _2ddc
_cBK